000 00502nmm a2200169Ia 4500
008 251105s9999||||xx |||||||||||||||||und||
020 _a9788433964113
041 _aspa
100 _aSperanza, Graciela
245 0 _aCronografías :
_b Arte y ficciones de un tiempo sin tiempo
264 _a[Madrid, España] :
_bEditorial Anagrama,
_c2017
300 _a264 páginas
490 _aArgumentos
650 _aArts in general
856 _uhttps://public.digitaliapublishing.com/a/49014
942 _cCF
999 _c81819
_d81819